Tratado de fruticultura / (Record no. 128726)

MARC details
000 -LEADER
campo de control de longitud fija 00671nam a2200217 i 4500
001 - NÚMERO DE CONTROL
campo de control 128726
003 - IDENTIFICADOR DE NÚMERO DE CONTROL
campo de control ES-MaACL
005 - FECHA Y HORA DE LA ÚLTIMA TRANSACCIÓN
campo de control 20251012192026.0
007 - CAMPO FIJO DE DESCRIPCIÓN FÍSICA--INFORMACIÓN GENERAL
campo de control de longitud fija t|
008 - DATOS DE LONGITUD FIJA--INFORMACIÓN GENERAL
campo de control de longitud fija 070524s1953 ag ||||1| spa d
080 ## - NÚMERO DE LA CLASIFICACIÓN DECIMAL UNIVERSAL
Número de la Clasificación Decimal Universal 634.1
100 1# - ENTRADA PRINCIPAL--NOMBRE DE PERSONA
Nombre de persona Tamaro, Domenico.
9 (RLIN) 109151
245 10 - MENCIÓN DEL TÍTULO
Título Tratado de fruticultura /
Mención de responsabilidad, etc. por Domenico Tamaro ; versión de la 4ª edición italiana por Arturo Caballero.
250 ## - MENCION DE EDICION
Mención de edición 4ª tirada.
260 ## - PUBLICACIÓN, DISTRIBUCIÓN, ETC.
Lugar de publicación, distribución, etc. Buenos Aires :
Nombre del editor, distribuidor, etc. Gustavo Gili,
Fecha de publicación, distribución, etc. 1953.
300 ## - DESCRIPCIÓN FÍSICA
Extensión 939 p. :
Otras características físicas il. ;
Dimensiones 24 cm.
650 #4 - PUNTO DE ACCESO ADICIONAL DE MATERIA--TÉRMINO DE MATERIA
Término de materia o nombre geográfico como elemento de entrada Fruticultura.
9 (RLIN) 12986
700 1# - ENTRADA AGREGADA--NOMBRE PERSONAL
Nombre de persona Caballero y Segares, Arturo
9 (RLIN) 33070
852 ## - LOCALIZACIÓN
Ubicación ES-MaACL
Número de control de estantería C-13595
Sublocalización o colección R.41397
Holdings
Estatus retirado Estado de pérdida Estado de daño No para préstamo Biblioteca de origen Biblioteca actual Ubicación en estantería Fecha de adquisición Fuente de adquisición Total de préstamos Signatura topográfica completa Código de barras Visto por última vez Precio de reemplazo Tipo de ítem Koha
        Biblioteca del Ateneo de Madrid Biblioteca del Ateneo de Madrid Sala Palomar 17/01/2008     C-13595 1134059 23/02/2023 23/02/2023 Libro impreso